Регионална библиотека "Любен Каравелов" - Русе

Зора на надеждата (Запис номер 9801)

MARC детайли
000 -Лидер
Контролно поле с фиксирана дължина 01189nam a2200313 c 4500
003 - Код на организацията, давaща контролен номер
Контролно поле BLK
005 - Дата и час на последна редакция
Контролно поле 20180420214453.0
008 - Елементи от данни с фиксирана дължина
fixed length control field 180412b bul|||||r ||||||| ||bul||
010 ## - Наследен системен номер
LC control number KNG00011236000
020 ## - Международен стандартен номер на книга ISBN
Международен стандартен номер на книга ISBN 954-459-274-1
-- издат.: Хермес
040 ## - Източник на каталожния запис
Идентификатор на билиотеката - собственик на записа BLK
041 ## - Код за език
Код за езика на текст/звукозапис или на отделно заглавие Български
Код за езика КДБФ Български
080 ## - УДК
Текстов определител УДК Американска литература (на САЩ)
УДК код - определител по УДК 821.111(73)
УДК определител -31
УДК - код + определител 821.111(73)-31
100 1# - Редна дума - Автор
Автор МакКю, Ноел Бери
Авторска отговорност първи автор
R(LIN) 91309
139 ## - Редно поле
Редна дума МакКю, Ноел Бери
Авторски знак Mai - M 19
245 10 - Сведения за заглавието
Заглавие Зора на надеждата
Подзаглавни данни Роман
Редно поле (дума) Ноел Бери МакКю; прев. от англ. Пепа Стоилова Стоилова.
257 ## - Страна на издаване
Страна на създаване/издаване Съединени американски щати
260 ## - Област на издателските данни
-- Пловдив
Име на издателя, разпространителя и проч. Хермес
Година на издаване 1996
300 ## - Физическа характеристика
Страници 132 с.
Размери/Мащаб 20 см
380 ## - Жанр
Жанр Худож. лит.
490 1# - СЕРИИ (Колекции)
Име на серия Нови любовни романи
№: серия 39
500 ## - Общи забележки
Забележка Ориг. загл. Ocean of Regrets / Noelle Berry McCue
700 1# - Други автори (авторска отговорност)
Лично име Стоилова, Пепа Стоилова
Автороска отговорност (Описва отношението между автора и произведението) прев. от англ.
9 (RLIN) 254838
852 ## - Местоположение
Форматна сигнатура Цб 185978
856 4# - Електронен адрес и достъп
Електронен формат pdf - файл
Път до файла /url/
856 4# - Електронен адрес и достъп
Електронен формат pdf - файл
Път до файла /url/
942 ## - АРТИКУЛИ
Вид на библиотечния материал Книги
Скрит в OPAC Не
944 ## - СЪЗДАВАНЕ И РЕДАКЦИЯ на ЗАПИСА
Създаване/Редакция Създаване
Дата на регистрацията/редакция 15.01.2003
Служител, извършил регистрацията/редакцията Геновева_Генчева
944 ## - СЪЗДАВАНЕ И РЕДАКЦИЯ на ЗАПИСА
Създаване/Редакция Редакция
Дата на регистрацията/редакция 10.03.2010
Служител, извършил регистрацията/редакцията
999 ## - СИСТЕМНИ КОНТРОЛНИ НОМЕРА
Koha biblionumber 9801
Koha biblioitemnumber 9801
Наличности
Код за отписване Код за изгубен артикул Източник на класификационната схема Код за повреда Коз за рестрикции Код за отдаване Артикулен № Име на библиотеката - собственик Име на библиотеката, в която се намира в момента Статус (Текущо местоположение) Дата на вписване в системата Местоположение - отдел Цена в лева Инвентарен номер Систематично азбучна сигнатура Баркод Номер на екземпляра Цена в евро Служебна бележка Служебен тип на артикула
  Не е изгубен Universal Decimal Classification Не е повреден без рестрикции ползва се в читалня 17004 Регионална библиотека "Любен Каравелов" Русе Регионална библиотека "Любен Каравелов" Русе Хранилище 2001-01-01 Хранилище 0.33 620572 Цб 185978 120000620572 1 0.17 Дост: Dp Вид: Д N: 6 Дата: 01.01.1996 Книги
Изтеглен Не е изгубен Universal Decimal Classification Не е повреден без рестрикции заемане за дома 680137 Регионална библиотека "Любен Каравелов" Русе Регионална библиотека "Любен Каравелов" Русе Заемна - подръчен фонд 2018-09-11 Заемна - подръчен фонд 9.99 120000823166 П 820(73)-31/М 19 120000823166   5.11   Книги
Vip Innovations Ltd, Rousse, Bulgaria 2025